<?xml version="1.0" encoding="UTF-8"?><?xml-stylesheet type="text/xsl" href="static/style.xsl"?><OAI-PMH xmlns="http://www.openarchives.org/OAI/2.0/" xmlns:xsi="http://www.w3.org/2001/XMLSchema-instance" xsi:schemaLocation="http://www.openarchives.org/OAI/2.0/ http://www.openarchives.org/OAI/2.0/OAI-PMH.xsd"><responseDate>2026-06-07T04:54:07Z</responseDate><request verb="GetRecord" identifier="oai:riuma.uma.es:10630/26683" metadataPrefix="marc">https://riuma.uma.es/rest/oai/request</request><GetRecord><record><header><identifier>oai:riuma.uma.es:10630/26683</identifier><datestamp>2026-02-03T12:53:16Z</datestamp><setSpec>com_10630_25813</setSpec><setSpec>com_10630_3139</setSpec><setSpec>com_10630_10</setSpec><setSpec>col_10630_25825</setSpec></header><metadata><record xmlns="http://www.loc.gov/MARC21/slim" xmlns:dcterms="http://purl.org/dc/terms/" xmlns:doc="http://www.lyncode.com/xoai" xmlns:xsi="http://www.w3.org/2001/XMLSchema-instance" xsi:schemaLocation="http://www.loc.gov/MARC21/slim http://www.loc.gov/standards/marcxml/schema/MARC21slim.xsd">
   <leader>00925njm 22002777a 4500</leader>
   <datafield ind2=" " ind1=" " tag="042">
      <subfield code="a">dc</subfield>
   </datafield>
   <datafield ind2=" " ind1=" " tag="720">
      <subfield code="a">Aebi, Marcelo F.</subfield>
      <subfield code="e">author</subfield>
   </datafield>
   <datafield ind2=" " ind1=" " tag="720">
      <subfield code="a">Barclay, Gordon</subfield>
      <subfield code="e">author</subfield>
   </datafield>
   <datafield ind2=" " ind1=" " tag="720">
      <subfield code="a">Jehle, Jörg-Martin</subfield>
      <subfield code="e">author</subfield>
   </datafield>
   <datafield ind2=" " ind1=" " tag="720">
      <subfield code="a">Killias, Martin</subfield>
      <subfield code="e">author</subfield>
   </datafield>
   <datafield ind2=" " ind1=" " tag="260">
      <subfield code="c">2001-05-30</subfield>
   </datafield>
   <datafield ind2=" " ind1=" " tag="520">
      <subfield code="a">Una investigación realizada en 36 estados miembros del Consejo de Europa ha permitido publicar una Colección Europea de Estadísticas de la Delincuencia y la Justicia Penal (1). Esta Colección permite comparar la información de carácter estadístico disponible en distintas áreas y, en particular, la manera en que esta información es recogida y las definiciones utilizadas en los distintos países. La información que aporta se compone de datos policiales sobre delitos, presuntos autores y costes, datos de las autoridades encargadas de la instrucción, datos de sentencias judiciales, datos penitenciarios que se recopilaron utilizando la Estadística Penal Anual del Consejo de Europa (Council of Europe Annual Penal Statistics, SPACE) y el cuestionario utilizado para elaborar esta colección, y datos de victimación del International Crime Victims Survey, ICVS. Algunos miembros del grupo de expertos que dirigió la investigación presentan a continuación un breve resumen de la información que contiene la Colección y los principales resultados de algunos artículos que han utilizado esa información.</subfield>
   </datafield>
   <datafield ind1="8" ind2=" " tag="024">
      <subfield code="a">Aebi, M.F., Barclay, G., Jehle, J.-M., &amp; Killias, M. (2001). Un nuevo instrumento para la investigación criminológica. Boletín Criminológico, (7). https://doi.org/10.24310/Boletin-criminologico.2001.v7i.8921</subfield>
   </datafield>
   <datafield ind1="8" ind2=" " tag="024">
      <subfield code="a">https://hdl.handle.net/10630/26683</subfield>
   </datafield>
   <datafield ind1="8" ind2=" " tag="024">
      <subfield code="a">https://doi.org/10.24310/Boletin-criminologico.2001.v7i.8921</subfield>
   </datafield>
   <datafield tag="653" ind2=" " ind1=" ">
      <subfield code="a">Delincuencia - Europa - Estadísticas</subfield>
   </datafield>
   <datafield ind2="0" ind1="0" tag="245">
      <subfield code="a">Un nuevo instrumento para la investigación criminológica.</subfield>
   </datafield>
</record>
</metadata></record></GetRecord></OAI-PMH>